Quizzes
Events
Quiz Creation
Community
Videos
Private Events
Remove Ads
Sign In
Join for FREE
Feedback
Dark Mode
Quiz Categories
Sports
Geography
Music
Movies
Television
Just For Fun
Miscellaneous
History
Literature
Language
Science
Gaming
Entertainment
Religion
Holiday
For Kids
Quiz Lab
Recent
Popular Today
Quiz Kudos Today
Editor Picks
Curator Picks
Quizzes by...
Day
Popularity
Type
Ratings
Length
Year
Community
Subscriptions
Recent Discussions
Orange Saloon
Badges
Playlists
Quests
Create
Leaderboards
Showdown
Live 5
Trivia Bingo
Activity
Puzzle Library
Sporcle Events
Private Events
Virtual Trivia
Globe League
Become a Host
Pub Owners
SporcleCon
Opinionation
Our Games
Videos
Blog
Mobile Apps
Partnerships
Remove Ads and Go Orange
Feedback
Sports
Athletes
MLB
NBA
NHL
NFL
Soccer
Sports Teams
WWE
NCAA
Football
Premier League
Basketball
Baseball
Hockey
Golf
Tennis
Cricket
Rugby
Auto Racing
Olympics
World Cup
Sports
Athletes
MLB
NBA
NHL
NFL
Soccer
Sports Teams
WWE
NCAA
Football
Premier League
Basketball
Baseball
Hockey
Golf
Tennis
Cricket
Rugby
Auto Racing
Olympics
World Cup
Random Quiz
Search Sporcle
×
Quiz Lab
Quiz Lab
Sports
NBA
Type in answers that appear in a list
Type in answers that appear in a list
Classic
Best Score? Go Orange.
Heat vs. Mavericks Stats
Can you name the facts about the teams playing in the NBA Finals?
By
Saints09
6m
42 Questions
211 Plays
211 Plays
211 Plays
Comments
Comments
Give Quiz Kudos
Give Quiz Kudos
-
- Ratings
hide this ad
More Info
Replay
Link that replays current quiz
Next Quiz
Link to next quiz in quiz playlist
You Got
0%
They Got
Avg Score
71%
Avg Friend Score
Upgrade to see
Score Distribution
Jump to the score distribution portion of the page
Score
0/42
Timer
06:00
0
Plays Today
% Correct
Miami
96.7%
Dwyane Wade
92.4%
Eastern Conference
91.9%
LeBron James
91.5%
2
91%
Dallas
90%
Western Conference
88.6%
Dirk Nowitzki
88.6%
Chris Bosh
87.7%
Jason Kidd
87.7%
Jason Kidd
87.7%
2006
86.7%
2006
86.7%
3
85.3%
Los Angeles Lakers
83.9%
Los Angeles Lakers, 31 appearances
83.4%
Tyson Chandler
81.5%
Mark Cuban
79.6%
Boston Celtics, 17 titles
78.7%
Blue and White
75.4%
Shawn Marion
75.4%
% Correct
National Basketball Association
74.4%
Southeast
73.5%
American Airlines Arena
73%
American Airlines Arena
73%
ABC
73%
Mike Bibby
71.6%
Red and Black
71.1%
Southwest
70.6%
Erik Spoelstra
70.1%
Pat Riley
69.2%
Rick Carlisle
69.2%
Joel Anthony
64.5%
DeShawn Stevenson
61.6%
Bill Russell, 40! rebounds
49.3%
Earvin 'Magic' Johnson, 21 assists
46.9%
Tim Duncan, Shaquille O'Neal..., 8 blocks
46.4%
Larry O'Brien
45.5%
Donnie Nelson
34.6%
Micky Arison
19.9%
Elgin Baylor, 61 points
13.7%
Robert Horry, 7 steals
11.8%
Quiz Playlist
Details
Report
Send in Message
Add To Playlist
More Info:
The middle column does not necessarily apply to the two teams playing in these Finals. It goes back to ALL the NBA Finals.
Classic:
Type in answers that appear in a list
Last Updated: Feb 16, 2017
Quiz Scoreboard
CHALLENGE
Sign Up to Join the Scoreboard
Show All
Scores
Hide
Comments
May contain spoilers
Recently Published
Alphabetical 'K' Countries by Flag Minefield
by ylime102
Geography
3m
Pick 6: Fruits
by JohnFran
Miscellaneous
15s
Click the 1999 NBA Draft
by nibperrychub
Sports
2m
More to Explore
Quiz From the Vault
Featured Blog Post
15 Basketball Trivia Facts You Can Be March Mad About
hide this ad
You Might Also Like...
Tags
Basketball Quiz
NBA Quiz
Dallas Mavericks
final
heat
team
Today's Top Quizzes in Sports
Browse Sports
hide this ad
Today's Top Quizzes in NBA
Browse NBA
Top Contributed Quizzes in Sports
1
Les joueurs à 100 buts en Ligue 1 Uber Eats
2
Pick 6: NFL Teams
3
MLB 2 truths and a lie: Hall of Fame pitchers
4
Criteria MLB: Left Handed Sluggers
5
2022 World Cup Stars
6
Don't Strike Out: 3000 Strikeouts
7
Millionaire: NBA Finals Edition
8
Pick 6: Minor League Baseball
9
Click the 1998 NBA Draft
10
Pick 6: Olympics
Explore More
Trending Topics
Anime
Disney
Kpop
NBA
Crossword
Harry Potter
Marvel
Song
Pokémon
Puzzle
NFL
Country
The Office
WWE
Soccer
hide this ad
More By:
Saints09
Quiz
Plays
Rating
Category
Featured
Created
13 Colonies (Redux)
450,926
4.38
History
Apr 8, 2012
Super Smash Bros. Kirby Hats
82,056
4.42
Gaming
Jul 8, 2011
USA Quiz
52,524
4.45
Language
Oct 28, 2011
Who's Taller? (NBA)
30,300
1.78
Sports
May 1, 2011
Mixed Word: Common Bond LXXXIII
23,005
3.80
Just For Fun
Aug 10, 2011
Go to Creator's Profile
Score Distribution
Quiz Creator Spotlight
Saints09
Follow
Send a Message
Quizzes Created
-
Created Quiz Play Count
-
More By This Creator
Popular Quizzes Today
1
Countries of Asia Without Outlines Minefield
2
Find the US States - No Outlines Minefield
3
Pick 6: Fruits
4
Alphabetical 'K' Countries by Flag Minefield
5
The Countries of the World
6
Find the US States
7
US States
8
Match the Book to the Film X
More Sports Quizzes
MLB Division Series Smallest-to-Largest
Curator's Pick
Trending Quizzes
Pick 6: Mountains
Pick 6: Harry Potter
Pick 6: NFL Teams
Pick 6: Movie Franchises
Pick 6: Golfers
Recently Updated
NWSL Teams
pecheneg
Women's Final Four Teams by Year
bhenderson79
Presidents Quartet II
eogle
Anything But Clue(do)
eogle
Anything But Oceanian Capitals
eogle
Anything But 7
eogle
Anything But Thing
eogle
Word Ladder: February 29
pecheneg
Song Title Questions
pecheneg
Women's NCAA Tournament #1 Seeds
pecheneg
Trending Topics
Kpop
NBA
Anime
Disney
Crossword
Marvel
Harry Potter
Country
Soccer
NFL
WWE
Song
Puzzle
Pokémon
The Office
Your Account Isn't Verified!
In order to create a playlist on Sporcle, you need to verify the email address you used during registration. Go to your
Sporcle Settings
to finish the process.
Report this User
Report this user for behavior that violates our
Community Guidelines
.
Details:
Send Report
Go to the Sporcle.com Mobile Site →
Comments